Organizácia a plánovanie melioračnej výstavby

Bibliographic Details
Main Author: Kolář, Alois (Author)
Format: Book
Language:Slovak
PhysicalDescription:261 s., 22,68 AH Tb. Sch. 29 cm
Published: Bratislava S.l. Príroda VŠP v Nitre [vyd.] 1986
Edition:2. vyd.

MARC

LEADER 00000nam a2200000 a 4500
001 vtls001087727
003 SK-MaSNL
005 20260301193726.0
008 250414s1986 xo 0 slo
015 |a SNBA1986/05 
035 |a SNK000030567 
040 |a SNK  |b slo  |c SNK  |e AACR2 
041 0 |a slo 
044 |a xo  |c SK 
080 |a 626.8(075.8)  |2 1981 
100 1 |a Kolář, Alois  |4 aut  |9 349274 
245 1 0 |a Organizácia a plánovanie melioračnej výstavby  |c Alois Kolář 
250 |a 2. vyd. 
260 |a Bratislava  |b Príroda  |a S.l.  |b VŠP v Nitre [vyd.]  |c 1986  |e Nitra  |f Nitrianske tlačiarne 
300 |a 261 s., 22,68 AH  |b Tb. Sch.  |c 29 cm 
366 |e 100 výtl. 
500 |a Lit. 7. Schválil rektor VŠP v Nitre ako skriptá. 7 zázn. v slov. a češ. 
852 |a Slovenská národná knižnica 
958 |a OND 
958 |a NB 
958 |a TL 
958 |a UV 
999 |c 878749  |d 880679 
952 |a SNK  |b SNK  |y PREZ  |7 0  |p 17A0811544  |o snkSB 40188   |0 0  |1 0  |4 0  |d 2012-05-02  |f 1  |l 0  |r 2025-04-25 00:00:00  |w 2026-02-24 
952 |t P60, <04>, [BOOK], {604}  |a SNK  |b SNK  |y VYP  |7 0  |p 17A0205623  |o snkSB 40188 D1  |0 0  |1 0  |4 0  |d 1999-08-09  |l 0  |r 2004-12-31 00:00:00  |w 2026-02-24